Des parents maîtrisant mal l'écrit face à l'école (notice n° 1667243)

détails MARC
000 -LEADER
fixed length control field 00983cam a2200205 4500500
005 - DATE AND TIME OF LATEST TRANSACTION
control field 20260222003226.0
041 ## - LANGUAGE CODE
Language code of text/sound track or separate title fre
042 ## - AUTHENTICATION CODE
Authentication code dc
100 10 - MAIN ENTRY--PERSONAL NAME
Personal name Dumet, Thomas
Relator term author
245 00 - TITLE STATEMENT
Title Des parents maîtrisant mal l'écrit face à l'école
260 ## - PUBLICATION, DISTRIBUTION, ETC.
Date of publication, distribution, etc. 2011.<br/>
500 ## - GENERAL NOTE
General note 52
520 ## - SUMMARY, ETC.
Summary, etc. RésuméDepuis peu, des études quantitatives portent sur les personnes maîtrisant peu ou mal la lecture et l’écriture et, plus largement, les savoirs fondamentaux. Cette contribution propose d’exposer quelques résultats d’une étude de ce type portant sur le rapport à l’école et à leur propre scolarisation de parents engagés dans la formation de base.
690 ## - LOCAL SUBJECT ADDED ENTRY--TOPICAL TERM (OCLC, RLIN)
Topical term or geographic name as entry element formation de base
690 ## - LOCAL SUBJECT ADDED ENTRY--TOPICAL TERM (OCLC, RLIN)
Topical term or geographic name as entry element natifs/non-natifs
690 ## - LOCAL SUBJECT ADDED ENTRY--TOPICAL TERM (OCLC, RLIN)
Topical term or geographic name as entry element rapport à l'école
700 10 - ADDED ENTRY--PERSONAL NAME
Personal name Tiberghien, Véronique
Relator term author
786 0# - DATA SOURCE ENTRY
Note Empan | 81 | 1 | 2011-04-01 | p. 81-89 | 1152-3336
856 41 - ELECTRONIC LOCATION AND ACCESS
Uniform Resource Identifier <a href="https://shs.cairn.info/revue-empan-2011-1-page-81?lang=fr&redirect-ssocas=7080">https://shs.cairn.info/revue-empan-2011-1-page-81?lang=fr&redirect-ssocas=7080</a>

Pas d'exemplaire disponible.

PLUDOC

PLUDOC est la plateforme unique et centralisée de gestion des bibliothèques physiques et numériques de Guinée administré par le CEDUST. Elle est la plus grande base de données de ressources documentaires pour les Étudiants, Enseignants chercheurs et Chercheurs de Guinée.

Adresse

627 919 101/664 919 101

25 boulevard du commerce
Kaloum, Conakry, Guinée

Réseaux sociaux

Powered by Netsen Group @ 2025